logo

PRIM LA FORJA DE UNA ESPADA | EN CUALQUIER LUGAR NO IMPORTA CUANDO (Record no. 39335)

MARC details
000 -CABECERA
campo de control de longitud fija 00761nam a2200313Ia 4500
001 - NÚMERO DE CONTROL
campo de control 28473
005 - FECHA Y HORA DE LA ÚLTIMA TRANSACCIÓN
campo de control 20260407082753.0
008 - CÓDIGOS DE INFORMACIÓN DE LONGITUD FIJA
campo de control de longitud fija 260115s9999 xx 000 0 und d
010 ## - NÚMERO DE CONTROL DE LA BIBLIOTECA DEL CONGRESO
Número de control de LC 39335
035 ## - NÚMERO DE CONTROL DEL SISTEMA
Número de control de sistema 18740
090 ## - LOCALMENTE ASIGNADO TIPO-LC NÚMERO DE CLASIFICACIÓN (OCLC); NÚMERO DE CLASIFICACIÓN LOCAL (RLIN)
Número de clasificación (OCLC) (R) ; Numero de clasificación CALL (RLIN) (NR) 929
001 - NÚMERO DE CONTROL
campo de control 9101
008 - CÓDIGOS DE INFORMACIÓN DE LONGITUD FIJA
campo de control de longitud fija 260115s9999 xx 000 0 und d
035 ## - NÚMERO DE CONTROL DEL SISTEMA
Número de control de sistema 6863
090 ## - LOCALMENTE ASIGNADO TIPO-LC NÚMERO DE CLASIFICACIÓN (OCLC); NÚMERO DE CLASIFICACIÓN LOCAL (RLIN)
Número de clasificación (OCLC) (R) ; Numero de clasificación CALL (RLIN) (NR) 86-3
100 ## - PUNTO DE ACCESO PRINCIPAL - NOMBRE DE PERSONA
Nombre de persona DIEGO EMILIO DE
100 ## - PUNTO DE ACCESO PRINCIPAL - NOMBRE DE PERSONA
Nombre de persona DIOSDADO ANABEL
245 #0 - MENCIÓN DE TÍTULO
Título PRIM LA FORJA DE UNA ESPADA
260 ## - PUBLICACIÓN, DISTRIBUCIÓN, ETC. (PIE DE IMPRENTA)
Nombre del editor distribuidor etc. PLANETA
Fecha de publicación distribución etc. 2003
245 #0 - MENCIÓN DE TÍTULO
Título EN CUALQUIER LUGAR NO IMPORTA CUANDO
260 ## - PUBLICACIÓN, DISTRIBUCIÓN, ETC. (PIE DE IMPRENTA)
Lugar de publicación distribución etc. BARCELONA
Nombre del editor distribuidor etc. PLANETA
Fecha de publicación distribución etc. 1965
300 ## - DESCRIPCIÓN FÍSICA
Dimensiones 5 CM
300 ## - DESCRIPCIÓN FÍSICA
Dimensiones 5 CM
630 ## - PUNTO DE ACCESO ADICIONAL DE MATERIA--TÍTULO UNIFORME
Título uniforme HISTORIA
650 ## - PUNTO DE ACCESO ADICIONAL DE MATERIA--TÉRMINO DE MATERIA
Término de materia o nombre geográfico como elemento inicial BIOGRAFIAS
630 ## - PUNTO DE ACCESO ADICIONAL DE MATERIA--TÍTULO UNIFORME
Título uniforme LITERATURA HISPANO-LUSA
650 ## - PUNTO DE ACCESO ADICIONAL DE MATERIA--TÉRMINO DE MATERIA
Término de materia o nombre geográfico como elemento inicial LITERATURA ESPAÑOLA NOVELA
942 ## - ELEMENTOS DE PUNTO DE ACCESO ADICIONAL (KOHA)
Tipo de ítem Koha Monografías
Holdings
Estado de retiro Estado de pérdida Estado dañado No para préstamo Código de colección Localización permanente Ubicación/localización actual Fecha de adquisición Total de préstamos Signatura topográfica completa Código de barras Fecha visto por última vez Número de copia Precio válido a partir de Tipo de ítem Koha Nota pública
          Servicio de Estudios Históricos Servicio de Estudios Históricos 13/11/2003   929 25203 05/02/2026 1 05/02/2026 Monografías 23.5 CM, 426 PG, 19,00€ BARCELONA